Lamborghini Models By Picture - Statistics

General Stats
  • This quiz has been taken 742 times
  • The average score is 10 of 16
Answer Stats
Picture Answer % Correct
Lamborghini Countach
90%
Lamborghini Aventador
87%
Lamborghini Urus
85%
Lamborghini Huracan
79%
Lamborghini Revuelto
73%
Lamborghini Diablo
69%
Lamborghini Gallardo
65%
Lamborghini Murcielago
63%
Lamborghini Veneno
59%
Lamborghini Sesto Elemento
54%
Lamborghini Miura
52%
Lamborghini Sian FKP 37
48%
Lamborghini Reventon
47%
Lamborghini Centenario
43%
Lamborghini LM002
34%
Lamborghini Islero
8%
No matching quizzes found
Score Distribution
Percent of People with Each Score
Percentile by Number Answered
Your Score History
You have not taken this quiz